Answers with First - Statistics

General Stats
  • This quiz has been taken 31 times
  • The average score is 16 of 20
Answer Stats
Hint Answer % Correct
4) The highest level of luxury flying First Class
100%
2) The US presidents wife is called this First Lady
100%
12) Olympic gold medal winner First Place
100%
9) Players run to this when they get a hit inbaseball First Base
93%
13) A mothers original child Firstborn
93%
17) To know immediately that you adore someone,Love at ______ ______ First Sight
93%
8) To deliver life saving treatment to someonein immediate need First Aid
87%
7) The right to free speech First Amendment
87%
3) EMT, police, fire who attend anemergency call First Responder
87%
6) Delaware is called this First State
87%
1) The beginning of the holy wars(1096-1099) to Jerusalem First Crusade
80%
15) This phrase meaning "get there before anyoneelse to get the best prize", First come, ___ _____ First Served
80%
20) A severe felony like murder can be charged as this First Degree
77%
16) Just before dawn when the sky brightens First Light
77%
14) Term for industrialized, modern nations withgood economic status First World
73%
10) Slang for someone who has experience withsomething, Ain't my _____ _____" First Rodeo
67%
19) Diving is done this way Head First
63%
18) To let a woman go before you, as a courtesy Ladies First
57%
11) Indigenous people native to Canada First Nations
37%
5) The North Carolina nickname to commemorate the Wright Brothers First in Flight
27%
No matching quizzes found
Score Distribution
Percent of People with Each Score
Percentile by Number Answered
Your Score History
You have not taken this quiz